[Event "Bikaner op 1st"]
[Site "Bikaner"]
[Date "2022.10.07"]
[Round "8"]
[White "Garv, Gaur"]
[Black "Priyankara, Chamil Y"]
[Result "1/2-1/2"]
[WhiteElo "2060"]
[BlackElo "1902"]
[PlyCount "120"]
[EventDate "2022.10.01"]
[EventType "swiss"]
[EventRounds "10"]
[EventCountry "IND"]
[SourceTitle "CBM 210 Extra"]
[Source "ChessBase"]
[SourceDate "2022.11.30"]
[SourceVersion "1"]
[SourceVersionDate "2022.11.30"]
[SourceQuality "1"]

1. d4 Nf6 2. Nf3 g6 3. c4 Bg7 4. g3 0-0 5. Bg2 d6 6. 0-0 c5 7. d5 e6 8. Nc3 exd5 9. cxd5 a6 10. a4 Nbd7 11. Bf4 Qe7 12. h3 Rb8 13. Qd3 Re8 14. Rfe1 h6 15. e4 g5 16. e5 dxe5 17. Bxe5 Nxe5 18. Nxe5 Nd7 19. Nf3 Ne5 20. Nxe5 Bxe5 21. d6 Qd8 22. Bd5 Kg7 23. Qf3 f6 24. Rad1 Bd7 25. Ne4 b6 26. b3 Qc8 27. Kh2 Rf8 28. Qd3 Rh8 29. Rd2 Bxh3 30. Bc4 Bd7 31. Bxa6 Qe8 32. Qf3 g4 33. Qe3 Qh5+ 34. Kg1 Rhe8 35. Bb5 Bxb5 36. axb5 Rbd8 37. Rd5 Qf7 38. Qd2 Rd7 39. Kg2 Re6 40. Qe2 h5 41. Nxf6 Qxf6 42. Rxe5 Rxe5 43. Qxe5 Qxe5 44. Rxe5 Rxd6 45. Kf1 Rd3 46. Re6 Rxb3 47. Rxb6 Rb2 48. Ke1 c4 49. Rc6 Rxb5 50. Rxc4 Rb2 51. Rc6 Ra2 52. Rd6 Rb2 53. Rd2 Rxd2 54. Kxd2 Kf6 55. Kd3 Kg5 56. Ke4 h4 57. gxh4+ Kxh4 58. Kf4 Kh3 59. Kg5 g3 60. fxg3 Kxg3 1/2-1/2

[Event "Raipur Chhattisgarh"]
[Site "Raipur"]
[Date "2022.09.25"]
[Round "7"]
[White "Mahitosh, Dey"]
[Black "Priyankara, Chamil Y"]
[Result "1-0"]
[WhiteElo "2176"]
[BlackElo "1874"]
[PlyCount "107"]
[EventDate "2022.09.19"]
[EventType "swiss"]
[EventRounds "10"]
[EventCountry "IND"]
[SourceTitle "CBM 210 Extra"]
[Source "ChessBase"]
[SourceDate "2022.11.30"]
[SourceVersion "1"]
[SourceVersionDate "2022.11.30"]
[SourceQuality "1"]

1. d4 Nf6 2. Nf3 e6 3. Bf4 c5 4. c3 Qb6 5. Qb3 Qxb3 6. axb3 Nc6 7. e3 Nh5 8. Bg3 Nxg3 9. hxg3 b6 10. Nbd2 Bb7 11. Bd3 Be7 12. Nc4 h6 13. Ke2 cxd4 14. exd4 d6 15. Ne3 0-0 16. g4 Rfe8 17. Rh5 Bf6 18. Nd2 e5 19. d5 Ne7 20. c4 Bg5 21. Ne4 g6 22. Rh2 Red8 23. g3 Kg7 24. Rah1 b5 25. Ng2 bxc4 26. bxc4 Bc8 27. f4 Bxg4+ 28. Kd2 f5 29. Nxg5 hxg5 30. fxg5 Bh5 31. Ne3 Rab8 32. Kc3 Rdc8 33. Bxf5 gxf5 34. Rxh5 Rh8 35. Rxh8 Rxh8 36. Rxh8 Kxh8 37. c5 dxc5 38. d6 Nc6 39. Nxf5 Kh7 40. Kc4 Na5+ 41. Kb5 Nb7 42. Kc6 Nd8+ 43. Kxc5 Kg6 44. Ne7+ Kxg5 45. Nc6 Nb7+ 46. Kd5 e4 47. Nd4 Kg4 48. Kc6 Nd8+ 49. Kd7 Nf7 50. Ke7 Ne5 51. Ke6 Nd3 52. Kd5 e3 53. d7 Nb4+ 54. Ke4 1-0

[Event "Chennai op 13th"]
[Site "Chennai"]
[Date "2022.06.25"]
[Round "9"]
[White "Nguyen, Duc Hoa"]
[Black "Priyankara, Chamil Y"]
[Result "1-0"]
[WhiteElo "2398"]
[BlackElo "1921"]
[PlyCount "85"]
[EventDate "2022.06.19"]
[EventType "swiss"]
[EventRounds "10"]
[EventCountry "IND"]
[SourceTitle "CBM 209 Extra"]
[Source "ChessBase"]
[SourceDate "2022.09.30"]
[SourceVersion "1"]
[SourceVersionDate "2022.09.30"]
[SourceQuality "1"]

1. d4 Nf6 2. c4 g6 3. Nc3 Bg7 4. Nf3 0-0 5. g3 d6 6. Bg2 c5 7. d5 e6 8. 0-0 exd5 9. cxd5 a6 10. a4 Re8 11. Nd2 Nbd7 12. h3 Nh5 13. a5 b5 14. axb6 Nxb6 15. Nb3 Nc4 16. Ra4 Nb6 17. Ra2 Nc4 18. Qd3 Ne5 19. Qc2 Bf5 20. Qd1 Bd7 21. Na5 Bb5 22. Qc2 f5 23. Rd1 Qd7 24. b3 Qf7 25. Nc6 f4 26. g4 f3 27. Nxb5 axb5 28. Rxa8 Rxa8 29. exf3 Nf4 30. Qe4 Ra1 31. Rf1 Ned3 32. Bxf4 Nxf4 33. Nd8 Qd7 34. Ne6 Nxg2 35. Rxa1 Bxa1 36. Kxg2 Qc8 37. Qe1 Bf6 38. g5 Bh8 39. Nf4 c4 40. bxc4 bxc4 41. Qe7 Be5 42. Ne6 Qa8 43. Nd8 1-0

[Event "Delkanda Inter Club-chT"]
[Site "Delkanda"]
[Date "2021.02.26"]
[Round "2.2"]
[White "Priyankara, Chamil Y"]
[Black "Akasha, JP Vihanga"]
[Result "1-0"]
[WhiteElo "1924"]
[BlackElo "1495"]
[PlyCount "67"]
[EventDate "2021.02.26"]
[EventType "team-tourn"]
[EventRounds "9"]
[EventCountry "SRI"]
[SourceTitle "EXT 2022"]
[Source "ChessBase"]
[SourceDate "2021.10.06"]
[SourceVersion "1"]
[SourceVersionDate "2021.10.06"]
[SourceQuality "1"]
[WhiteTeam "Sri Lanka Navy CC"]
[BlackTeam "Black and Gold CC"]
[WhiteTeamCountry "SRI"]
[BlackTeamCountry "SRI"]

1. e4 c5 2. Nc3 Nc6 3. Nf3 g6 4. h4 h5 5. d4 cxd4 6. Nxd4 Bg7 7. Be3 d6 8. Qd2 Bd7 9. 0-0-0 Rc8 10. Kb1 a6 11. f3 b5 12. Nd5 Nf6 13. Nxc6 Bxc6 14. Nxf6+ Bxf6 15. Bd4 e5 16. Bc3 Be7 17. g3 Qc7 18. Bh3 Rb8 19. Rhe1 Bd7 20. Bxd7+ Kxd7 21. Bxe5 Rhd8 22. Bxd6 Bxd6 23. e5 Kc6 24. Qd5+ Kb6 25. exd6 Qc6 26. Qxf7 Rbc8 27. Qxg6 Qxf3 28. d7+ Rc6 29. Qg5 Qf6 30. Re5 Kc7 31. Qxf6 Rxf6 32. Rxh5 Rxd7 33. Rd2 Rdd6 34. Rxd6 1-0

[Event "SRI-chB"]
[Site "Maharaga"]
[Date "2020.03.09"]
[Round "6.8"]
[White "Danushka, MAN"]
[Black "Priyankara, Chamil Y"]
[Result "1-0"]
[WhiteElo "1823"]
[BlackElo "1949"]
[PlyCount "87"]
[EventDate "2020.03.06"]
[EventType "swiss"]
[EventRounds "11"]
[EventCountry "SRI"]
[SourceTitle "CBM 195 Extra"]
[Source "ChessBase"]
[SourceDate "2020.05.31"]
[SourceVersion "1"]
[SourceVersionDate "2020.05.31"]
[SourceQuality "1"]

1. e4 c5 2. Nf3 a6 3. d4 cxd4 4. Nxd4 e5 5. Nf3 Nf6 6. Bc4 Qc7 7. Qd3 h6 8. Be3 b5 9. Bb3 Bb7 10. Nbd2 Nc6 11. c4 b4 12. h3 Na5 13. Ba4 Bc6 14. Bc2 Rc8 15. Rc1 Nb7 16. 0-0 Nc5 17. Bxc5 Bxc5 18. Nh4 g6 19. Qf3 Be7 20. Rfd1 0-0 21. g3 Nh7 22. Kh2 Ng5 23. Qe3 Kg7 24. c5 Ne6 25. Bb3 Bg5 26. Qe1 Bxh4 27. gxh4 Nf4 28. Nc4 f5 29. Rd6 Rce8 30. Rcd1 fxe4 31. Qg1 Re6 32. R1d2 Qa7 33. Nb6 Rxd6 34. Rxd6 Rf6 35. Qd1 Nd3 36. Rxf6 Kxf6 37. Bc4 Bb5 38. Bxd3 exd3 39. Qf3+ Kg7 40. Nd5 d6 41. Qf6+ Kh7 42. Qf8 Qg7 43. Nf6+ Qxf6 44. Qxf6 1-0

[Event "SRI-chB"]
[Site "Maharaga"]
[Date "2020.03.08"]
[Round "5.8"]
[White "Priyankara, Chamil Y"]
[Black "Ariyawansa, KAPM"]
[Result "1/2-1/2"]
[WhiteElo "1949"]
[BlackElo "1850"]
[PlyCount "69"]
[EventDate "2020.03.06"]
[EventType "swiss"]
[EventRounds "11"]
[EventCountry "SRI"]
[SourceTitle "CBM 195 Extra"]
[Source "ChessBase"]
[SourceDate "2020.05.31"]
[SourceVersion "1"]
[SourceVersionDate "2020.05.31"]
[SourceQuality "1"]

1. e4 c5 2. Nf3 g6 3. h4 h5 4. d4 cxd4 5. c3 Nc6 6. cxd4 d5 7. exd5 Qxd5 8. Nc3 Qa5 9. d5 Nb8 10. Qd4 Nf6 11. Bg5 Bg7 12. d6 e5 13. Qxe5+ Qxe5+ 14. Nxe5 0-0 15. Bc4 Bf5 16. f3 Nfd7 17. Nxd7 Nxd7 18. 0-0 Rac8 19. Bd5 Nf6 20. Bxb7 Rb8 21. Be4 Bxe4 22. Nxe4 Nxe4 23. fxe4 Bd4+ 24. Kh1 f6 25. Rad1 Bxb2 26. Be3 a6 27. Bd4 Bxd4 28. Rxd4 Rbd8 29. Rc1 Rf7 30. Rc6 Ra8 31. d7 Rd8 32. Rxa6 Rfxd7 33. Rxd7 Rxd7 34. Rxf6 Kg7 35. Rb6 1/2-1/2

[Event "Gujarat op 2nd"]
[Site "Ahmedabad"]
[Date "2019.09.28"]
[Round "9"]
[White "Harshita, Guddanti"]
[Black "Priyankara, Chamil Y"]
[Result "1-0"]
[WhiteElo "2168"]
[BlackElo "1917"]
[PlyCount "45"]
[EventDate "2019.09.22"]
[EventType "swiss"]
[EventRounds "10"]
[EventCountry "IND"]
[SourceTitle "EXT 2020"]
[Source "ChessBase"]
[SourceDate "2019.10.17"]
[SourceVersion "1"]
[SourceVersionDate "2019.10.17"]
[SourceQuality "1"]

1. e4 g6 2. d4 Bg7 3. Nc3 d6 4. Bg5 c5 5. dxc5 Qa5 6. Qd2 Bxc3 7. bxc3 Qxc5 8. Nf3 Nf6 9. Bd3 Nbd7 10. Bh6 b6 11. 0-0 Bb7 12. Rfe1 Rg8 13. Bg5 Ng4 14. a4 a6 15. h3 Nge5 16. Nxe5 dxe5 17. Red1 0-0-0 18. Qe2 f6 19. Be3 Qxc3 20. Bxa6 Nc5 21. Bxb7+ Kxb7 22. Rdb1 Ra8 23. Qb5 1-0

[Event "Gujarat op 2nd"]
[Site "Ahmedabad"]
[Date "2019.09.24"]
[Round "4"]
[White "Priyankara, Chamil Y"]
[Black "Gandhi, Anish"]
[Result "1/2-1/2"]
[WhiteElo "1917"]
[BlackElo "2201"]
[PlyCount "142"]
[EventDate "2019.09.22"]
[EventType "swiss"]
[EventRounds "10"]
[EventCountry "IND"]
[SourceTitle "EXT 2020"]
[Source "ChessBase"]
[SourceDate "2019.10.17"]
[SourceVersion "1"]
[SourceVersionDate "2019.10.17"]
[SourceQuality "1"]

1. d4 Nf6 2. c4 g6 3. Nc3 d5 4. Bg5 Bg7 5. Nf3 Ne4 6. Bh4 Nxc3 7. bxc3 dxc4 8. e3 b5 9. Be2 0-0 10. a4 c6 11. 0-0 Nd7 12. axb5 cxb5 13. Qb1 a6 14. Qe4 Ra7 15. Qxe7 Qb6 16. Rfb1 Bb7 17. Nd2 Nf6 18. Qa3 Qe6 19. Qc5 Rfa8 20. Bxf6 Bxf6 21. Qa3 Be7 22. Qc1 h5 23. Qd1 Rc8 24. Rxb5 Qc6 25. Rxb7 Qxb7 26. Bxc4 Qb2 27. Rb1 Qa3 28. Ra1 Qd6 29. Qf3 Qf6 30. Qd5 Bf8 31. g3 Qc6 32. Qa5 h4 33. Rc1 Qd6 34. Rb1 Rc6 35. Bd5 Qc7 36. Qxc7 Rcxc7 37. c4 a5 38. gxh4 a4 39. c5 a3 40. Ra1 Rd7 41. Bc6 Rd8 42. Nc4 a2 43. Nb6 Rc7 44. Be4 Bxc5 45. dxc5 Rxc5 46. Rxa2 Rb5 47. Na4 Rb4 48. f3 Rc8 49. Nb2 Rd8 50. Na4 Rc8 51. Kf2 Kg7 52. Ke2 f5 53. Bd5 Rxh4 54. Kd3 Rch8 55. Nc5 Rxh2 56. Ra7+ Kh6 57. Ne6 Rb8 58. f4 Rbb2 59. Ng5 Rhd2+ 60. Kc3 Rbc2+ 61. Kb3 Kh5 62. Nf3 Rb2+ 63. Ka3 Re2 64. Ne5 Kh4 65. Bc4 Rec2 66. Rg7 Rb6 67. Nxg6+ Rxg6 68. Rxg6 Rxc4 69. Re6 Kg4 70. Kb3 Rc8 71. Re5 Rc7 1/2-1/2

[Event "Hyderabad op 3rd"]
[Site "Hyderabad"]
[Date "2019.08.21"]
[Round "2"]
[White "Karthikeyan, Pandian"]
[Black "Priyankara, Chamil Y"]
[Result "1-0"]
[WhiteElo "2422"]
[BlackElo "1960"]
[PlyCount "61"]
[EventDate "2019.08.20"]
[EventType "swiss"]
[EventRounds "10"]
[EventCountry "IND"]
[SourceTitle "EXT 2020"]
[Source "ChessBase"]
[SourceDate "2019.10.17"]
[SourceVersion "1"]
[SourceVersionDate "2019.10.17"]
[SourceQuality "1"]

1. d4 Nf6 2. c4 g6 3. Nc3 c5 4. d5 d6 5. e4 b5 6. cxb5 Bg7 7. a4 a6 8. Nf3 0-0 9. h3 axb5 10. Bxb5 Ba6 11. Bd2 Bxb5 12. axb5 Nbd7 13. 0-0 Qc7 14. Qe2 Nb6 15. Ra6 Nfd7 16. Rfa1 Rfc8 17. Nd1 c4 18. Bc3 Rxa6 19. bxa6 Nc5 20. Bxg7 Kxg7 21. Nd4 Ra8 22. a7 e5 23. dxe6 fxe6 24. e5 d5 25. Qe3 Nbd7 26. Nb5 Qc6 27. Ndc3 Nd3 28. Nd4 Qb6 29. Ncb5 Kg8 30. b3 N3xe5 31. bxc4 1-0

[Event "Nugegoda GP 6th"]
[Site "Nugegoda"]
[Date "2019.06.01"]
[Round "7"]
[White "Ranasinghe, Sachini D"]
[Black "Priyankara, Chamil Y"]
[Result "1-0"]
[WhiteElo "1844"]
[BlackElo "1986"]
[PlyCount "69"]
[EventDate "2019.05.25"]
[EventType "tourn"]
[EventRounds "11"]
[EventCountry "SRI"]
[SourceTitle "CBM 190 Extra"]
[Source "ChessBase"]
[SourceDate "2019.07.15"]
[SourceVersion "1"]
[SourceVersionDate "2019.07.15"]
[SourceQuality "1"]

1. Nf3 Nf6 2. c4 g6 3. Nc3 Bg7 4. g3 d6 5. Bg2 c6 6. 0-0 Qa5 7. d4 0-0 8. e4 Bg4 9. h3 Bxf3 10. Qxf3 e5 11. Ne2 Nbd7 12. Qb3 Qa6 13. Be3 d5 14. exd5 cxd5 15. Qb5 Qxb5 16. cxb5 Rac8 17. dxe5 Nxe5 18. Bxa7 Rc2 19. Nf4 g5 20. Nxd5 Nxd5 21. Bxd5 Rxb2 22. Rab1 Rxb1 23. Rxb1 Rd8 24. Be4 Bf6 25. a4 Nc4 26. Rc1 Nd6 27. Bf3 Ra8 28. b6 Re8 29. a5 Bd4 30. Rd1 Nb5 31. Bxb7 Re2 32. Rxd4 Nxd4 33. Bd5 Re1+ 34. Kg2 Ne2 35. b7 1-0

[Event "SRI-ch"]
[Site "Colombo"]
[Date "2018.05.05"]
[Round "2"]
[White "Jayawardana, Lasal"]
[Black "Priyankara, Chamil Y"]
[Result "1-0"]
[WhiteElo "1909"]
[BlackElo "2017"]
[PlyCount "55"]
[EventDate "2018.05.04"]
[EventType "tourn"]
[EventRounds "13"]
[EventCountry "SRI"]
[SourceTitle "CBM 184 Extra"]
[Source "ChessBase"]
[SourceDate "2018.06.28"]
[SourceVersion "1"]
[SourceVersionDate "2018.06.28"]
[SourceQuality "1"]

1. e4 e5 2. Nf3 Nc6 3. Bc4 Bc5 4. c3 Nf6 5. d3 d6 6. a4 a6 7. 0-0 Ba7 8. Re1 h6 9. h3 0-0 10. Nbd2 Re8 11. b4 Be6 12. Bxe6 Rxe6 13. Rb1 d5 14. Qc2 b5 15. Nf1 Qd7 16. Be3 Bxe3 17. Nxe3 Rd8 18. Red1 d4 19. cxd4 exd4 20. Nf5 Kh7 21. axb5 axb5 22. Rdc1 g6 23. Ng3 Kg7 24. Qc5 Rb8 25. Ne2 Ne8 26. Nf4 Rf6 27. Nd5 Rxf3 28. gxf3 1-0

[Event "SRI-chB"]
[Site "Colombo"]
[Date "2018.03.02"]
[Round "3"]
[White "Priyankara, Chamil Y"]
[Black "Galagamaarachchi, AS."]
[Result "1-0"]
[WhiteElo "2029"]
[BlackElo "1723"]
[PlyCount "81"]
[EventDate "2018.03.01"]
[EventType "swiss"]
[EventRounds "10"]
[EventCountry "SRI"]
[SourceTitle "EXT 2019"]
[Source "ChessBase"]
[SourceDate "2018.10.10"]
[SourceVersion "1"]
[SourceVersionDate "2018.10.10"]
[SourceQuality "1"]

1. Nf3 Nf6 2. c4 e6 3. g3 d5 4. Bg2 Nc6 5. cxd5 exd5 6. 0-0 Be7 7. a3 0-0 8. b4 a6 9. Bb2 Be6 10. d3 Qd7 11. Re1 Rad8 12. Nbd2 Qc8 13. Rc1 Nd7 14. Nb3 Na7 15. Nbd4 Bf6 16. Qb3 c6 17. Nxe6 fxe6 18. e4 Qb8 19. e5 Be7 20. Nd4 Nxe5 21. Nxe6 Nf3+ 22. Bxf3 Rxf3 23. Nxd8 Qxd8 24. Qd1 Rf8 25. Qg4 Bf6 26. Qe6+ Rf7 27. Bxf6 Qxf6 28. Qxf6 Rxf6 29. a4 Kf7 30. Re3 Re6 31. Rxe6 Kxe6 32. f4 Nc8 33. Re1+ Kf6 34. Re8 Nd6 35. Rb8 h6 36. g4 g6 37. Kf2 g5 38. Kf3 Ke7 39. Ke3 Kd7 40. f5 h5 41. Rg8 1-0